[Event "LSS No Engine Cup 119 Preliminary 7"]
[Site "LSS email"]
[Date "2014.10.16"]
[Round "?"]
[White "Pech, Matej"]
[Black "Sprotofski, Helga"]
[Result "1/2-1/2"]
[WhiteElo "1468"]
[BlackElo "1381"]
[PlyCount "95"]
[EventDate "2014.10.17"]
[EventType "tourn (corr)"]
[EventRounds "6"]
[EventCountry "GER"]
[SourceTitle "Corr 2015"]
[Source "ChessBase"]
[SourceDate "2015.07.17"]
[SourceVersion "1"]
[SourceVersionDate "2015.07.17"]
[SourceQuality "1"]

1. e4 c5 2. Nf3 d6 3. d4 cxd4 4. Nxd4 Nf6 5. Nc3 a6 6. Be3 e5 7. Nb3 Be7 8. Be2 Be6 9. 0-0 Nbd7 10. f4 exf4 11. Rxf4 Rc8 12. Qd2 Ne5 13. Nd4 0-0 14. Raf1 b5 15. a3 Kh8 16. Nf5 g5 17. Nxe7 gxf4 18. Nxc8 fxe3 19. Qxd6 Nfg4 20. Qxd8 Rxd8 21. Ne7 Rd2 22. Nf5 Bc4 23. Bxc4 Nxc4 24. h3 Nge5 25. b3 Rxc2 26. bxc4 Rxc3 27. cxb5 axb5 28. Rd1 h5 29. Kf1 Nc4 30. Rd5 Nxa3 31. Ke2 b4 32. Nxe3 b3 33. Rxh5+ Kg7 34. Nd1 Rc2+ 35. Kd3 Rxg2 36. Kc3 Rg3+ 37. Kb4 Kg6 38. Rh8 Nc2+ 39. Kc4 Kg7 40. Rb8 Na3+ 41. Kd4 Rxh3 42. Nc3 Nc2+ 43. Kc4 Na1 44. Nd5 Rh4 45. Kd3 Rh2 46. Rb6 Rh3+ 47. Kc4 Rh4 48. Kd3 1/2-1/2